Statistiques concernant Pays en 12 lettres

Cliquez ici pour prendre le quiz!

Statistiques générales

  • Ce quiz a été pris 27 fois
  • Le résultat moyen est 3 sur 5

Statistiques - réponses

Pays% Correct
Kirghizistan
78%
Turkménistan
70%
Afrique du sud
52%
Guinée-Bissau
43%
îles Marshall
43%

Distribution des résultats

Percentile par nombre de réponses

% des personnes avec chaque résultat

Votre développement - résultats

Vous n’avez pas pris ce quiz